000 00396nam a2200157Ia 4500
003 OSt
005 20230605143048.0
008 211028s2011 xx 000 0 und d
040 _cAIMIT LIBRARY
041 _aeng
100 _aSujay, K A; Dsouza, Manibushan.
_98318
_e091934
110 _aManibushan Dsouza
_98319
245 _aMobile banking.
260 _aMangalore
_c2011
942 _2ddc
_cPRO
999 _c219828
_d219828